2000's Female Singers - Statistics

General Stats
  • This quiz has been taken 264 times
  • The average score is 14 of 22
Answer Stats
Song Singer % Correct
Oops... I Did It Again Britney Spears
97%
Hips Don't Lie Shakira
97%
Crazy In Love Beyonce
93%
Rehab Amy Winehouse
81%
Hollaback Girl Gwen Stefani
80%
Jenny From The Block Jennifer Lopez
79%
Since U Been Gone Kelly Clarkson
77%
So What Pink
73%
Girlfriend Avril Lavigne
71%
Big Girls Don't Cry Fergie
63%
Dirrty Christina Aguilera
62%
Fallin' Alicia Keys
60%
Promiscuous Nelly Furtado
60%
Hung Up Madonna
56%
We Belong Together Mariah Carey
55%
Can't Get You Out Of My Head Kylie Minogue
52%
Get Ur Freak On Missy Elliott
43%
Dilemma Kelly Rowland
39%
Jesus Take The Wheel Carrie Underwood
36%
Foolish Ashanti
28%
Let Me Blow Your Mind Eve
25%
Pocket Full Of Sunshine Natasha Bedingfield
24%
No matching quizzes found
Score Distribution
Percent of People with Each Score
Percentile by Number Answered
Your Score History
You have not taken this quiz